000 00774nam a2200217 i 4500
001 105388
003 ES-MaACL
007 t|
008 060704s1963 fr ||||1| fre d
080 _a330.342.14
245 0 0 _aCrise du capitalisme.
260 _aParis :
_bEditions de la Nouvelle Critique,
_c1963.
300 _a292 p. ;
_c23 cm.
490 1 _aRecherches internationales áa la lumière du marxisme ;
_v35-36
500 _aEs el nº 35-36, en.-abr. 1963, de la revista "Recherches internationales áa la lumière du marxisme"
500 _aBiblioteca Juan Andrade.
650 1 4 _aCapitalismo.
_910760
830 0 _aRecherches internationales áa la lumière du marxisme ;
_v35-36
_9232713
852 _aES-MaACL
_jAND-184
_bR.109483
999 _c105388
_d105388